Hodnotenie podnikateľského prostredia v cestovnom ruchu na Slovensku a v Rakúsku diplomová práca

Na minha lista:
Detalhes bibliográficos
Autor principal: Majerník, Rastislav
Autor Corporativo: Obchodná fakulta EU. Katedra cestovného ruchu
Outros Autores: Šebová, Ľubica, 1978-
Formato: Livro
Idioma:eslovaco
Publicado em: Bratislava 2025
Tags: Adicionar Tag
Sem tags, seja o primeiro a adicionar uma tag!

MARC

LEADER 00000nbm a2200000 4500
001 0310285
005 20251118113641.4
041 0 |a slo 
044 |a SK 
245 1 0 |a Hodnotenie podnikateľského prostredia v cestovnom ruchu na Slovensku a v Rakúsku  |b diplomová práca  |c Rastislav Majerník ; školiteľ: Ľubica Šebová 
264 1 |a Bratislava  |c 2025 
300 |a 92 s. 
100 1 |a Majerník, Rastislav 
700 1 |a Šebová, Ľubica, 1978- 
710 2 |a Obchodná fakulta EU. Katedra cestovného ruchu